Normal view
MARC view
- Satefanov,William L.
Entry Personal Name
001 - CONTROL NUMBER
- control field: 877
003 - CONTROL NUMBER IDENTIFIER
- control field: OSt
005 - DATE AND TIME OF LATEST TRANSACTION
- control field: 20160712121201.0
008 - FIXED-LENGTH DATA ELEMENTS
- fixed length control field: 160712|| aca||aabn | a|a d
040 ## - CATALOGING SOURCE
- Original cataloging agency: OSt
- Transcribing agency: OSt
100 ## - HEADING--PERSONAL NAME
- Personal name: Satefanov,William L.
670 ## - SOURCE DATA FOUND
- Source citation: Work cat.: (OSt): Applied Remote Sensing for Urban Planning, Governance and Sustainability
